World and regional supply and demand balances for nitrogen, phosphate and potash, 1989/90 - 1995/96 (Record no. 61975)

MARC details
000 -LEADER
fixed length control field 00524nam a2200133 a 4500
008 - FIXED-LENGTH DATA ELEMENTS--GENERAL INFORMATION
fixed length control field 120416s0000 ||||||||||||||||| || u
020 ## - INTERNATIONAL STANDARD BOOK NUMBER
International Standard Book Number 0821318829
050 ## - LIBRARY OF CONGRESS CALL NUMBER
Classification number IBRD(08)TP
245 00 - TITLE STATEMENT
Title World and regional supply and demand balances for nitrogen, phosphate and potash, 1989/90 - 1995/96
260 ## - PUBLICATION, DISTRIBUTION, ETC.
Place of publication, distribution, etc. Washington, D.C.
Name of publisher, distributor, etc. World Bank
Date of publication, distribution, etc. 1991
300 ## - PHYSICAL DESCRIPTION
Extent xii, 46p.
350 ## - PRICE (NR) (BK AM CF MU VM SE) [OBSOLETE]
Price 0.00
995 ## - RECOMMENDATION 995 [LOCAL, UNIMARC FRANCE]
-- 0.00
-- CBU-MAIN LIBRARY (Kitwe)
-- 1
-- 0.00
-- AVAILABLE
-- International Publications
Holdings
Withdrawn status Lost status Source of classification or shelving scheme Damaged status Not for loan Home library Current library Shelving location Date acquired Total Checkouts Full call number Barcode Date last seen Price effective from Koha item type
          CBU-MAIN LIBRARY, KITWE. CBU-MAIN LIBRARY, KITWE.   11/30/2022   IBRD(08)TP 019754 11/30/2022 11/30/2022 MONOGRAPH